LEADER 03121oas 22009733a 450 001 9910626117203321 005 20251105213014.0 011 $a1558-4607 035 $a(OCoLC)61124049 035 $a(CONSER) 2005212475 035 $a(CKB)1000000000024892 035 $a(EXLCZ)991000000000024892 100 $a20050722a19959999 sy a 101 0 $aeng 135 $aurun||||||||| 181 $ctxt$2rdacontent 182 $cc$2rdamedia 183 $acr$2rdacarrier 200 10$aHigh frequency postgraduate student colloquium $e[proceedings] /$fIEEE MTT/ED/AP/LEO Societies Joint Chapter, United Kingdom and Republic of Ireland Section 210 $aPiscataway, N.J. $cIEEE Service Center 311 08$a1546-6523 531 0 $aHigh Freq. Postgrad. Stud. Colloq. 606 $aMicrowave devices$vCongresses 606 $aOptical instruments$vCongresses 606 $aOptical wave guides$vCongresses 606 $aMillimeter waves$vCongresses 606 $aDispositifs a? micro-ondes$vCongre?s 606 $aOndes millime?triques$vCongre?s 606 $aOptique$xInstruments$vCongre?s 606 $aGuides d'ondes optiques$vCongre?s 606 $aMicrowave devices$2fast$3(OCoLC)fst01020193 606 $aMillimeter waves$2fast$3(OCoLC)fst01021818 606 $aOptical instruments$2fast$3(OCoLC)fst01046734 606 $aOptical wave guides$2fast$3(OCoLC)fst01046824 608 $aPeriodicals.$2fast 608 $aConference papers and proceedings.$2fast 615 0$aMicrowave devices 615 0$aOptical instruments 615 0$aOptical wave guides 615 0$aMillimeter waves 615 6$aDispositifs a? micro-ondes 615 6$aOndes millime?triques 615 6$aOptique$xInstruments 615 6$aGuides d'ondes optiques 615 7$aMicrowave devices. 615 7$aMillimeter waves. 615 7$aOptical instruments. 615 7$aOptical wave guides. 676 $a621 712 02$aInstitute of Electrical and Electronics Engineers 712 02$aInstitute of Electrical and Electronics Engineers.$bUnited Kingdom and Republic of Ireland Section. 712 02$aInstitute of Electrical and Electronics Engineers.$bMicrowave Theory and Techniques Group. 712 02$aIEEE Electron Devices Society 712 02$aIEEE Antennas and Propagation Society 712 02$aLasers and Electro-optics Society (Institute of Electrical and Electronics Engineers) 801 0$bOCLCS 801 1$bOCLCS 801 2$bOCLCS 801 2$bNSD 801 2$bOCLCQ 801 2$bOCLCE 801 2$bOCLCQ 801 2$bOCLCF 801 2$bOCLCO 801 2$bOCL 801 2$bOCLCO 801 2$bOCLCA 801 2$bOCLCQ 801 2$bOCLCA 801 2$bAU@ 801 2$bVT2 801 2$bUUM 801 2$bOCL 801 2$bOCLCQ 801 2$bU3W 801 2$bOCLCQ 801 2$bOCLCL 801 2$bUAB 801 2$bOCLCL 801 2$bOCLCQ 906 $aCONFERENCE 912 $a9910626117203321 996 $aHigh frequency postgraduate student colloquium$91889058 997 $aUNINA